Cost planning engineering services contracts (Record no. 25936)

MARC details
000 -LEADER
fixed length control field 00797cab a2200193 4500
001 - CONTROL NUMBER
control field ABS43111
008 - FIXED-LENGTH DATA ELEMENTS--GENERAL INFORMATION
fixed length control field 090401t1990 xxu||||| |||| 00| 0 eng d
035 ## - SYSTEM CONTROL NUMBER
System control number (Sirsi) u40472
041 ## - LANGUAGE CODE
Language code of text/sound track or separate title eng
100 ## - MAIN ENTRY--PERSONAL NAME
Personal name Watson, B.
245 ## - TITLE STATEMENT
Title Cost planning engineering services contracts
260 ## - PUBLICATION, DISTRIBUTION, ETC.
Date of publication, distribution, etc. 1990
350 ## - PRICE (NR) (BK AM CF MU VM SE) [OBSOLETE]
Price 0
490 ## - SERIES STATEMENT
Series statement Cost Engineer
Volume/sequential designation 28(4) 1990, 8-10(3)
520 ## - SUMMARY, ETC.
Summary, etc. The author shows how a cost plan for mechanical and electrical engineering services of a building can be compiled. Use of quantity factors methods of approximate estimating , cost checking, bills of quantity , relationship between capital and running costs and an overview of capital cost control for engineering services are discussed.
690 ## - LOCAL SUBJECT ADDED ENTRY--TOPICAL TERM (OCLC, RLIN)
Topical term or geographic name as entry element Project management
9 (RLIN) 6261
942 ## - ADDED ENTRY ELEMENTS (KOHA)
Suppress in OPAC 0
948 ## - LOCAL PROCESSING INFORMATION (OCLC); SERIES PART DESIGNATOR (RLIN)
c (OCLC) 04/03/1997
Holdings
Withdrawn status Lost status Source of classification or shelving scheme Damaged status Not for loan Home library Current library Shelving location Date acquired Total Checkouts Full call number Barcode Date last seen Copy number Price effective from Koha item type
    Dewey Decimal Classification     London London Journal article 14/09/1999   ABS43111 40472-1001 06/08/2019 1 06/08/2019 Journal article